000 00449nam a22001457a 4500
020 _a978-81-264-6526-7
082 _a894.812.3
_bRAM/D
100 _aRAMANUNNI, K.P
245 _aDAIVATHINTE PUSTHAKAM
260 _aKOTTAYAM
_bDC BOOKS
_c2017
300 _a686
520 _a It is Lord Krishna and Prophet Muhammed as time travellers who are able to bridge stellar spaces and cosmic eras, and therefore able to offe
650 _aNOVEL
942 _cBK
999 _c5004
_d5004